Vista normal Vista MARC

Entrada Personal Name

Número de registros utilizados en: 3

001 - CONTROL NUMBER

  • control field: 63872

003 - CONTROL NUMBER IDENTIFIER

  • control field: OSt

005 - DATE AND TIME OF LATEST TRANSACTION

  • control field: 20250827205238.0

008 - FIXED-LENGTH DATA ELEMENTS

  • fixed length control field: 250827|| aca||aabn | a|a d

040 ## - CATALOGING SOURCE

  • Original cataloging agency: OSt
  • Transcribing agency: OSt

100 ## - HEADING--PERSONAL NAME

  • Personal name: Monroy, Manuel,
  • Dates associated with a name: 1970-

670 ## - SOURCE DATA FOUND

  • Source citation: Work cat.: (OSt)58730: Murail, Marie Aude, 1954- 1970, Chanyelín /









Instituto Departamental de Cultura del Meta - Red Departamental de Bibliotecas Públicas del Meta.